000 00719nam a22002057a 4500
005 20151117164954.0
010 _aENG-114090
020 _c595.00
_a9789380502823
035 _aEN-97622
037 _bDBAD/PUB
082 _a355.033054
100 _aNarender Kumar
245 _aChallenges in the Indian Ocean region :
_cby Narender Kumar
_bresponse options /
260 _aNew Delhi
_bKW Publishers
_c2011
270 _a4676/21, First Floor, Ansari Road, Daryganj
_bNew Delhi
_e110002
300 _axii,173p.:
_c24cm(Hb)
_bill.,maps
500 _a Includes bibliographical references and index.
710 _aCentre for Land Warfare Studies (New Delhi, India)
942 _2ddc
_cEN
_mNAR
_h355.033054
999 _c97125
_d97125